000
00314nam a2200109Ia 4500
008
171211s9999 xx 000 0 und d
245
4
_a
The Architectural History of Canterbury Cathedral
245
_c
R Willis
260
_c
2006
650
_x
Architecture
856
_u
http://down.ebook777.com/064/9781904799047.pdf
999
_c
350019
_d
350019